header

Redevelopment and race (Record no. 40896)

MARC details
000 -LEADER
fixed length control field 01443nam a2200361Ia 4500
100 1# - MAIN ENTRY--AUTHOR NAME
Personal name Thomas, June Manning.
245 10 - TITLE STATEMENT
Title Redevelopment and race
250 ## - EDITION STATEMENT
Edition statement Paperback ed.
260 ## - PUBLICATION, DISTRIBUTION, ETC. (IMPRINT)
Place of publication Detroit :
Name of publisher Wayne State University Press,
Year of publication c2013.
300 ## - PHYSICAL DESCRIPTION
Number of Pages xvii, 288 p. :
Other physical details ill.
490 1# - SERIES STATEMENT
Series statement Great Lakes books
650 #0 - SUBJECT ADDED ENTRY--TOPICAL TERM
Topical Term Urban renewal
Topical Term City planning
Topical Term African Americans
856 40 - ELECTRONIC LOCATION AND ACCESS
Uniform Resource Identifier http://site.ebrary.com/lib/rucke/Doc?id=10715437

No items available.

© 2026 Rongo University
Contact us: librarian | system librarian | Rongo university